000 00899nas a2200289 4500
001 BR2018002256
003 BR-BrBNA
005 20231205131444.0
007 ta
008 230509b bl.|||p| |||| 00| 00por d
040 _aBR-BrBNA
_bpor
_cBiblioteca Nacional de Agricultura
041 _a(Pt)
072 _aH20
100 1 _aRamos, D.P.
100 1 _aBarbosa, R.M.
100 1 _aVieira, B.G.T.L.
100 1 _aPanizzi, R. de C.
100 1 _aVieira, R.D.
245 1 _aInfecção por Fusarium graminearum e Fusarium verticillioides em sementes de milho
650 _aMILHO
650 _aTESTE DE SEMENTES
650 _aFUNGO
773 0 _tPesquisa Agropecuária Tropical (Brazil)
_xISSN 1983-4063
_g(Jan-Mar 2014), v. 44(1) p. 24-31
_wBR2018002256
856 4 0 _uhttp://www.scielo.br/pdf/pat/v44n1/v44n1a11.pdf
909 _a202311
_bLúcia
_c55
_dLúcia Elande
942 _2AGRIS
_n0
_cANA
999 _c254926
_d254926